Quiz Cultura Generale - Quiz n°20 - Statistics

Statistiche generali
  • Questo quiz è stato fatto 238 volte
  • Il punteggio medio è 8 su 15
Statistiche sulle risposte
Domanda Risposta % Corretto
In quale stato si trova il monte Fuji? Giappone
96%
In quale regione italiana si svolgono i Promessi Sposi? Lombardia
95%
Come si traduce il temine inglese "cloud"? Nuvola
92%
Secondo la teoria umorale, quanti umori fondamentali esistono? 4
83%
Continua il verso del "Canto degli Italiani": "Striangiamci a ..." Coorte
81%
Qual è la prima persona del passato remoto del verbo "porgere"? Io porsi
78%
Chi venne liberato dalla folla al posto di Gesù di Nazareth? Barabba
43%
Quale evento segna l'inizio dell'inverno astronomico? Solstizio d'Inverno
36%
Prima di entrare a fare parte degli Stati Uniti, a quale nazione apparteneva il Missouri? Francia
34%
Quale albero da frutto è chiamato scientificamente "Prunus persica"? Pesco
33%
Quale nazione confina a ovest con il Suriname ed a sud-est con il Brasile? Francia (Guyana francese)
31%
Chi ha guidato l'Italia agli Europei di Francia 2016? Antonio Conte
30%
Dove arrivano per la prima volta nella storia, Edmund Hillary e lo sherpa Tenzing Norgay, il 29 maggio 1953? Cima del Monte Everest
26%
DI quale nazionale azzurra è commissario tecnico Ferdinando De Giorgi? Nazionale di pallavolo
22%
A quale esercito appartenevano i Lanzichenecchi? Sacro Romano Impero
7%
Nessun quiz corrispondente trovato
Distribuzione punteggi
Percentuale di utenti per punteggio
Percentile per numero di risposta
I tuoi punteggi nel tempo
Non hai fatto questo quiz